Electricidad industrial: esquemas básicos

Saved in:
Bibliografiske detaljer
Hovedforfatter: Roldán Viloria, José (Author)
Format: Bog
Sprog:spansk
Udgivet: Madrid Paraninfo 2001
Fag:
Tags: Tilføj Tag
Ingen Tags, Vær først til at tagge denne postø!

MARC

LEADER 00000nam a2200000 a 4500
001 UCL9439
003 CL-VaPUC
008 040806e20010000SP |||||||||||||||||spa|d
020 |a 842831165X 
082 0 4 |a 621.31042  |b ROL  |2 21 
100 0 |a Roldán Viloria, José  |e author  |9 487286 
245 1 0 |a Electricidad industrial: esquemas básicos 
300 |a 223 p 
942 |c BK 
945 |d 20040806 00:00:00  |a cmena 
260 |a Madrid  |b Paraninfo  |c 2001 
650 7 |a ELECTRICIDAD INDUSTRIAL  |2 CL-VaPUC  |9 487287 
650 0 |a Motores eléctricos   |9 260085 
650 0 |a Máquinas eléctricas  |9 260079 
650 0 |a Electrónica   |9 263192 
650 0 |a Circuitos eléctricos   |9 260262 
583 |a last modification  |c 20040806 00:00:00  |k Rodrigo Vera 
999 |c 310232  |d 310230 
952 |0 0  |1 0  |2 ddc  |4 0  |6 621_310420000000000_ROL_2001  |7 0  |8 A  |9 378505  |a BIBING  |b BIBING  |c RES  |d 2019-11-21  |i 4047532  |o 621.31042 ROL 2001  |p 4047532  |r 2025-01-20  |w 2019-11-21  |y BK  |k EIE